000 00649nam a2200169Ia 4500
008 190719s9999||||xx |||||||||||||| ||und||
020 _a9789280115529
_c£ 15.00
040 _aIMU Kochi
082 0 4 _a623.8245
_bIn858
110 _aInternational Maritime Organization
245 0 _a2011 ESP Code : International Code on the enhanced programme of inspections during surveys of bulk carriers and oil tankers, 2011 /
250 _a3rd. Ed., 2013 ed.
260 _aLondon :
_bInternational Maritime Organization ,
_c2013
300 _avii, 294 p.
_c; 30 cm.
650 _aBulk carrier cargo ships
_xInspection
_vHandbooks, manuals, etc.
942 _2ddc
_cBK
999 _c73
_d73